<?xml version="1.0" encoding="UTF-8"?><?xml-stylesheet type="text/xsl" href="static/style.xsl"?><OAI-PMH xmlns="http://www.openarchives.org/OAI/2.0/" xmlns:xsi="http://www.w3.org/2001/XMLSchema-instance" xsi:schemaLocation="http://www.openarchives.org/OAI/2.0/ http://www.openarchives.org/OAI/2.0/OAI-PMH.xsd"><responseDate>2026-06-05T14:40:41Z</responseDate><request verb="GetRecord" identifier="oai:riuma.uma.es:10630/20535" metadataPrefix="marc">https://riuma.uma.es/rest/oai/request</request><GetRecord><record><header><identifier>oai:riuma.uma.es:10630/20535</identifier><datestamp>2026-02-03T12:15:11Z</datestamp><setSpec>com_10630_2254</setSpec><setSpec>col_10630_37959</setSpec></header><metadata><record xmlns="http://www.loc.gov/MARC21/slim" xmlns:dcterms="http://purl.org/dc/terms/" xmlns:doc="http://www.lyncode.com/xoai" xmlns:xsi="http://www.w3.org/2001/XMLSchema-instance" xsi:schemaLocation="http://www.loc.gov/MARC21/slim http://www.loc.gov/standards/marcxml/schema/MARC21slim.xsd">
   <leader>00925njm 22002777a 4500</leader>
   <datafield ind2=" " ind1=" " tag="042">
      <subfield code="a">dc</subfield>
   </datafield>
   <datafield ind2=" " ind1=" " tag="720">
      <subfield code="a">Córdoba-Cabús, Alba</subfield>
      <subfield code="e">author</subfield>
   </datafield>
   <datafield ind2=" " ind1=" " tag="720">
      <subfield code="a">García-Borrego, Manuel</subfield>
      <subfield code="e">author</subfield>
   </datafield>
   <datafield ind2=" " ind1=" " tag="260">
      <subfield code="c">2020-12-04</subfield>
   </datafield>
   <datafield ind2=" " ind1=" " tag="520">
      <subfield code="a">En un contexto como el actual en el que se genera información constante y los datos disponibles aumentan en tiempo real, los medios de comunicación demandan profesionales capaces de procesar, examinar y presentar historias escondidas en cifras (Uskali y Kuuti, 2015; Felle, 2016; Borges-Rey, 2017; Appelgren y Salaverría, 2018). La creciente relevancia de los datos y la digitalización de la sociedad generan transformaciones en las formas de entender la profesión periodística (Coddington, 2015; Loosen, 2018). El periodismo de datos surge como una respuesta activa a esta “datificación” (Weber, Engebretsen y Kennedy, 2018; Pinney, 2020). &#xd;
&#xd;
La práctica del periodismo de datos está en constante actualización y desarrollo, ya que implementa continuamente herramientas y tecnologías nuevas. Estos cambios producidos en la materialización son las que llevan a repensar sus estándares de calidad a medida que evoluciona. Por eso, en este trabajo se propone analizar las propiedades de las historias de periodismo de datos de mayor envergadura a nivel mundial, aquellas que cumplen con los estándares de calidad de la disciplina. Mediante un análisis de contenido se examinan 45 proyectos nominados a los Sigma Awards 2020, considerados el galardón más prestigioso en esta disciplina. Al objetivo de determinar cuáles son las características del periodismo de datos practicado en 2020 se une como propósito la identificación de diferencias y similitudes entre premiados y nominados. Para decidir si existe relación entre las diferentes piezas, se calculará el estadístico de contraste chi-cuadrado, se examinarán los residuos tipificados corregidos para indicar la dirección de la relación y especificará el tamaño del efecto.</subfield>
   </datafield>
   <datafield ind1="8" ind2=" " tag="024">
      <subfield code="a">https://hdl.handle.net/10630/20535</subfield>
   </datafield>
   <datafield tag="653" ind2=" " ind1=" ">
      <subfield code="a">Periodismo</subfield>
   </datafield>
   <datafield tag="653" ind2=" " ind1=" ">
      <subfield code="a">Calidad</subfield>
   </datafield>
   <datafield tag="653" ind2=" " ind1=" ">
      <subfield code="a">Fuentes</subfield>
   </datafield>
   <datafield ind2="0" ind1="0" tag="245">
      <subfield code="a">¿Qué distingue al mejor periodismo de datos? De nominado a premiado en los Sigma Awards 2020</subfield>
   </datafield>
</record>
</metadata></record></GetRecord></OAI-PMH>